| 000 | 01816cam a2200313 4500 | ||
|---|---|---|---|
| 001 | ##L134208 | ||
| 008 | 060717n2006 000 0 eng u | ||
| 035 | _a(Sirsi) u134208 | ||
| 041 | 0 | _aeng | |
| 050 | 0 | 4 | _a711.1 $2 18 |
| 110 | 1 |
_aUnited Kingdom _bDepartment for Communities and Local Government _94939 |
|
| 245 | 0 | 0 |
_aAmended circular on environmental impact assessment _ba consultation paper |
| 260 |
_aLondon _bDCLG _c2006 |
||
| 520 | _aConsults on amendments being made to DETR Circular 02/99 "Environmental impact assessment" (ISBN 0117534935) on screening guidance, recent case law and the incorporation of public participation requirements into environmental impact assessment legislation . Responses are required no later than 22 September 2006. | ||
| 590 | _aIKA180706 NTK | ||
| 650 | 2 | 4 | _aDIRECTIVE 85/337/EEC |
| 650 | 2 | 4 | _aDIRECTIVE 97/11/EC |
| 650 | 2 | 4 | _aDIRECTIVE 2003/35/EC ART 3 |
| 650 | 2 | 4 | _aDETR CIRCULAR 02/99 |
| 650 | 2 | 4 | _aTOWN AND COUNTRY PLANNING (ENVIRONMENTAL IMPACT ASSESSMENT)(ENGLAND AND WALES) REGULATIONS 1999 |
| 650 | 2 | 4 | _aTOWN AND COUNTRY PLANNING (ENVIRONMENTAL IMPACT ASSESSMENT)(AMENDMENT) REGULATIONS 2006 |
| 650 | 2 | 4 | _aTOWN AND COUNTRY PLANNING (ENVIRONMENTAL IMPACT ASSESSMENT)(ENGLAND AND WALES)(AMENDMENT) REGULATIONS 2000 |
| 650 | 2 | 4 | _aTOWN AND COUNTRY PLANNING (ASSESSMENT OF ENVIRONMENT EFFECTS) REGULATIONS 1988 |
| 650 | 2 | 4 | _aTOWN AND COUNTRY PLANNING (ENVIRONMENTAL ASSESSMENT AND UNAUTHORISED DEVELOPMENT) REGULATIONS 1995 |
| 651 | 4 |
_aEngland and Wales _y1543- |
|
| 690 | _aENVIRONMENTAL AND LAND CONSULTANCY-ENVIRONMENTAL MANAGEMENT-ENVIRONMENTAL ASSESSMENT-ENVIRONMENTAL IMPACT ASSESSMENT | ||
| 856 | 4 | 0 |
_uhttps://www.communities.gov.uk/index.asp?id=1500996 _zView the consultation paper free of charge at www.communities.gov.uk... |
| 942 | _n0 | ||
| 999 |
_c105596 _d105596 |
||